| 000 | 00887nam a2200289 i 4500 | ||
|---|---|---|---|
| 003 | DO-SdBNP | ||
| 005 | 20231024134846.0 | ||
| 006 | a||||gr|||| 00| 0 | ||
| 007 | ta | ||
| 008 | 231009e2007 sp ac||| |||| 00| 1 spa d | ||
| 020 | _a9788416867721 | ||
| 040 |
_aDO-SdBNP _bspa _cBNPHU _erda |
||
| 082 | 4 |
_a813.54 _bS592t _222 |
|
| 100 | 1 |
_aSimmons, Dan _eautor _984417 |
|
| 245 | 1 | 0 |
_aEl terror / _cDan Simmons ; traducción, Ana Herrera |
| 264 | 1 |
_aBarcelona : _bRoca Editorial, _c2007 |
|
| 300 |
_a761 páginas ; _c24 cm |
||
| 336 |
_2rdacontent _atexto _btxt |
||
| 337 |
_2rdamedia _asin medición _bn |
||
| 338 |
_2rdacarrier _avolumen _bnc |
||
| 590 | _aInventariado 2023 /DG | ||
| 650 | 4 |
_aNovela estadounidense _9262 |
|
| 650 | 4 |
_aLiteratura estadounidense _9263 |
|
| 700 |
_aHerrera, Ana _dtraductor _984432 |
||
| 910 | _aDG/Validado. Control de calidad MFF | ||
| 942 |
_2ddc _cLBS1 |
||
| 999 |
_c55179 _d55179 |
||